Begins and Ends with 'P' Quiz Stats

 Plays Quiz Updated Oct 12, 2018

Challenge
Share
Tweet
Embed
Score 0/18 Timer 04:00
3 Plays Today
Clue % Correct
A young dog or shark, or an older tent stylePup
93%
Great for Fiction, and sometimes in orange juicePulp
88.3%
A carbonated beverage, we bet your dad likes itPop
87.2%
Object used in a theatrical performanceProp
83.4%
A small dot on each face of a six-sided die or a backup singer for Gladys KnightPip
74.6%
Image editing software from Adobe Systems Inc.Photoshop
73.6%
To look slyly, pryingly, or furtively...possible for small marshmallows on EasterPeep
71.1%
Mechanical device used to move fluids (or to Up the Jam); a type of shoePump
70.2%
The art of writing with the hand, mine is more like chicken scratchPenmanship
70.1%
Clue % Correct
Thanks to Sir Edward Elgar, this is paired with CircumstancePomp
68.9%
Cut of meat that is a favorite of Homer Simpson; style of sideburnPork chop
68.1%
Thin wired device used to fasten multiple sheetsPaper clip
66.7%
Short and stocky or a well cooked Ball Park frankPlump
65.4%
Abnormal growth of tissue commonly found in the colon, stomach, nose, and sinusesPolyp
62.5%
Root vegetable related to the carrotParsnip
53.4%
A business that offers secured loans if you want to hock your personal propertyPawnshop
51.7%
...fizz fizz, oh what a relief it isPlop Plop
51%
This may prevent politicians from reaching across the aislePartisanship
28%

You're not logged in!

Compare scores with friends on all Sporcle quizzes.
OR
Log In

You Might Also Like...

Show Comments

Extras

Top Quizzes Today


Score Distribution

Your Account Isn't Verified!

In order to create a playlist on Sporcle, you need to verify the email address you used during registration. Go to your Sporcle Settings to finish the process.

Report this User

Report this user for behavior that violates our Community Guidelines.

Details: